|
|
|
|
| LEADER |
00000nab a2200000 a 4500 |
| 001 |
vtls000785436 |
| 003 |
SK-MaSNL |
| 005 |
20260303210818.0 |
| 008 |
180206c2002 xo 0 slo |
| 015 |
|
|
|a SNBRB2002/03-10763
|
| 035 |
|
|
|a CLN000137103
|
| 040 |
|
|
|a SNKBUCL
|b slo
|c SNKBUCL
|e AACR2
|
| 041 |
0 |
|
|a slo
|
| 044 |
|
|
|a xo
|c SK
|
| 080 |
|
|
|a 347
|2 UDC-MRF-SK2
|
| 245 |
0 |
0 |
|a Zmluvy, podania a žaloby pre podnikateľov vo vzoroch
|c Eva Kováčiková ... [et. al]
|
| 650 |
0 |
7 |
|a hospodárske právo
|2 snkbucl
|9 979
|
| 650 |
0 |
7 |
|a občianske právo
|2 snkbucl
|9 981
|
| 655 |
|
7 |
|a články z novín a časopisov
|2 snkbucl
|9 267496
|
| 700 |
1 |
|
|a Kováčiková, Eva
|4 aut
|9 6653
|
| 700 |
1 |
|
|a Svediaková, Beáta
|4 aut
|9 415891
|
| 700 |
1 |
|
|a Fekete, Imrich,
|d 1955-
|4 aut
|9 102693
|
| 700 |
1 |
|
|a Kontšeková, Zuzana
|4 aut
|9 839457
|
| 700 |
1 |
|
|a Urban, Róbert
|4 aut
|9 415892
|
| 700 |
1 |
|
|a Kriška, Peter
|4 aut
|9 16427
|
| 700 |
1 |
|
|a Chrenková, Slávka
|4 aut
|9 838599
|
| 700 |
1 |
|
|a Lašš, Miroslav
|4 aut
|9 415895
|
| 700 |
1 |
|
|a Matulová, Mariana
|4 aut
|9 911072
|
| 700 |
1 |
|
|a Chlapík, Dušan
|4 aut
|9 21718
|
| 700 |
1 |
|
|a Liščak, Jozef
|4 aut
|9 7331
|
| 773 |
0 |
|
|x 1335-1583
|t Poradca
|g Č. 3-4 (2002), s. 14-496
|
| 850 |
|
|
|a Slovenská národná knižnica v Martine
|
| 852 |
|
|
|a SNK
|b KIS3GCP
|
| 958 |
|
|
|a RBX
|
| 999 |
|
|
|c 2201892
|d 2203822
|